=LDR 00000nam 2200000 4500 =001 INLIS000000000006888 =005 20251117013805 =035 ##$$a 0010-1125000762 =007 ta =008 251117###########################0#ind## =082 ##$$a 363.9 =084 ##$$a 363.9 M. b =100 #$$a M. A. Timbang =245 1#$$a Bentuk-Bentuk Kegiatan yang Dapat Dilakukan Oleh Kkn dalam Menunjang Program Kependudukan dan Keluarga Berencana /$c Badan Koordinasi Keluarga Berencana Nasional =260 ##$$a Ujung Pandang :$b Badan Koordinasi Keluarga Berencana Nasional =300 ##$$a 10 Hal : $b Ilus ; $c 21 =650 #4$$a Keluarga Berencana =856 ##$$a Perpustakaan Kemendukbangga